00289nam a2200109Ia 4500008004100000082001800041100001600059245003800075250000800113260003900121650001900160150201s2014 xx 000 0 und d a614.1bF2013J aJAIN ,NITUL aTEXT BOOOK OF FORENSIC ODONTOLOGY a1ST bJAYPEE BROTHERS MEDICAL PUBLISHERS aORAL PATHOLOGY